000 00274nam a22001337a 4500
082 _a894.812.3
_bmoh/c
100 _aMOHANAVARMA, K.L
245 _aCINEMA
260 _aTRIVANDRUM
_bPRABHATH BOOKS HOUSE
300 _a222
520 _aNOVEL
650 _aNOVEL
942 _cBK
999 _c5070
_d5070